The winners of the Premier League from 18900 to 2022 - Statistics

General Stats
  • This quiz has been taken 92 times
  • The average score is 68 of 112
Answer Stats
Year Answer % Correct
1937 | 1968 | 2012 | +5 others Manchester City
96%
1908 | 1911 | 1952 | +17 others Manchester United
91%
1901 | 1906 | 1922 | +16 others Liverpool FC
79%
1955 | 2005 | 2006 | +3 others Chelsea FC
78%
1931 | 1933 | 1934 | +10 others Arsenal FC
75%
2016 Leicester City
65%
1900 | 1910 | 1981 Aston Villa
56%
1978 Nottingham Forest
54%
1905 | 1907 | 1909 | 1927 Newcastle United
46%
1951 | 1961 Tottenham Hotspur
46%
1969 | 1974 | 1992 Leeds United
34%
1912 | 1914 | 1995 Blackburn Rovers
29%
1915 | 1928 | 1932 | +5 others Everton FC
29%
1962 Ipswich Town
18%
1903 | 1904 | 1929 | 1930 Sheffield Wednesday
16%
1954 | 1958 | 1959 Wolverhampton Wanderers
16%
1972 | 1975 Derby County
15%
1920 West Bromwich Albion
12%
1921 | 1960 Burnley FC
9%
1924 | 1925 | 1926 Huddersfield Town
9%
1949 | 1950 Portsmouth FC
6%
1902 | 1913 | 1936 Sunderland AFC
6%
No matching quizzes found
Score Distribution
Percent of People with Each Score
Percentile by Number Answered
Your Score History
You have not taken this quiz